00446 2200169 4500001002100000008004100021035002000062245003400082100002200116260004200138300002000180020002200200084001400222082000800236650002100244990001100265INLIS000000000001207 Ind  a0010-0226001207 aTali temalicIsrar Ardiansyah aArdiansyah, Israr aJakarta :bEsensi Erlangga Grupc2013 a57 hlm.c21 cm. a978-602-7596-57-3 a300 ISR t a300 aIlmu-ilmu Sosial aP/3786